| 000 | 00569nam a22001937a 4500 | ||
|---|---|---|---|
| 003 | PILC | ||
| 005 | 20150810171248.0 | ||
| 008 | 150810b xxu||||| |||| 00| 0 eng d | ||
| 020 | _a9780702043475 | ||
| 050 |
_aRG 950 _b.D248 2013. |
||
| 100 | _aDavey, Liz. | ||
| 245 |
_aThe midwife's pocket formulary / _cLiz Davey, Debbee Houghton. |
||
| 250 | _a3rd edition. | ||
| 260 |
_aEdinburgh : _bChurchill livingstone, _c2013. |
||
| 500 | _aIncludes bibliographical references and index. | ||
| 650 | _aMidwifery. | ||
| 700 | _aHoughton, Debbee. | ||
| 942 |
_2lcc _cBK _kFOR |
||
| 999 |
_c288389 _d288389 |
||